[Event "Bundesliga 9899"]
[Site "Germany"]
[Date "1999.01.09"]
[Round "7.3"]
[White "Beikert, Guenther"]
[Black "Pelletier, Yannick"]
[Result "0-1"]
[WhiteElo "2435"]
[BlackElo "2525"]
[Annotator "Pelletier,Y"]
[PlyCount "84"]
[EventDate "1998.10.17"]
[EventType "team-tourn"]
[EventRounds "15"]
[EventCountry "GER"]
[SourceTitle "GER-chT"]
[Source "ChessBase"]
[SourceDate "1999.07.01"]
[SourceVersion "1"]
[SourceVersionDate "1999.07.01"]
[SourceQuality "1"]
[WhiteTeam "Viernheim"]
[BlackTeam "Zaehringen"]
[WhiteTeamCountry "GER"]
[BlackTeamCountry "GER"]

1. e4 c5 2. Nf3 d6 3. d4 cxd4 4. Nxd4 Nf6 5. Nc3 Nc6 6. Be2 e6 7. O-O Be7 8.
Kh1 a6 9. f4 Bd7 10. a4 O-O 11. Bf3 Qc7 12. Be3 ({Auf} 12. Nb3 {plante ich} e5
$5 13. Nd5 Nxd5 14. exd5 Nb4 15. c3 Bf5 $1 $15) 12... Nxd4 13. Qxd4 e5 14. Qd3
{Ein ziemlich unglückliches Feld für die Dame.} (14. Qd2 exf4 15. Bxf4 Be6 16.
Rad1 {war die logische Folge.}) 14... Be6 15. fxe5 $6 {In diesem Fall sollte
Weiss die folgende Struktur nicht anstreben.} (15. Rfd1 exf4 16. Bxf4 Rfd8 $13
{/\ Ne8,Bf6-e5}) 15... dxe5 16. Nd5 Bxd5 17. exd5 Rac8 (17... Ne8 $6 {erlaubte}
18. Be4) ({und} 17... Bc5 $6 {die Bewahrung der schwarzfeldrigen Läufer durch}
18. Bg5) (17... Rfe8 {war vermutlich gleichwertig.}) 18. c3 ({Auf} 18. Rf2 Bc5
$5 ({das trickreiche} 18... e4 {verfehlt nach} 19. Bxe4 Ng4 20. Rf4 Qxf4 21.
Bxh7+ Kh8 22. Bxf4 Nf2+ 23. Kg1 Nxd3 24. Bxd3 Rfd8 25. c4 $14 {sein Ziel.}) 19.
Bxc5 Qxc5 {ist es dem Nachziehenden gelungen, die richtigen Leichtfiguren
abzutauschen.}) 18... Rfe8 19. Qd2 $6 (19. Be4 Nxe4 20. Qxe4 {sollte den
Ausgleich bewahren.}) 19... Rcd8 $5 (19... e4 20. Be2 Rcd8 21. c4 Bd6 {ist
unklar. Der Textzug verhindert c3-c4.}) 20. a5 (20. Qf2 {war vielleicht eine
bessere Option; ich hatte vor mit} Qc4 {fortzusetzen:} 21. Rad1 (21. d6 $6 Rxd6
22. Bxb7 Ng4 $5 (22... e4 23. Bf4 $8 Re6 $17) 23. Qg1 Rb8 24. Bf3 Rxb2 $17) (
21. Bb6 Rd7 22. Rae1 Bf8 $17) 21... Qxa4 {, wonach Weiss etwas Kompensation
für den geopferten Bauern hat.}) 20... Qc4 21. b3 (21. Bb6 Rd7 $17) 21... Qxb3
22. Rfb1 Qc4 23. Rxb7 Nxd5 24. Rd1 $6 (24. Rc1 e4 25. Be2 Qc6 26. Rb3 Bc5 $5
27. Bxc5 Qxc5 28. Bxa6 Nc7 $1 29. Qe2 Qg5 $1 30. Rg1 Rd2 31. Qc4 Qxa5 {ergibt
klaren schwarzen Vorteil.}) 24... Nxe3 25. Qxe3 (25. Rxe7 Nxd1) 25... Rxd1+ 26.
Bxd1 Qd5 27. Ba4 (27. Bf3 $2 e4 $19) (27. Rb1 Qxa5) 27... Qxb7 28. Bxe8 Qb1+
29. Qg1 Qa2 ({Natürlich bietet sich das Endspiel nach} 29... Qxg1+ $2 30. Kxg1
Bd8 31. Bc6 Bxa5 32. Bb7 Bxc3 33. Bxa6 {Nach der Partie erklärte mir aber mein
Teamkollege Ognjen Cvitan, dass Weiss nach} f5 34. h3 {[%csl Ga6,Gg2,Gh3] eine
richtige Festung aufbauen konnte. Obwohl ich diesen 'Trick' nicht kannte,
fühlte ich, dass der Damentausch nur Weiss dienen konnte. Hier einige
Gewinnversuche:} Kf7 35. Kf2 h5 36. Ke2 h4 37. Bb7 Kf6 38. Bc6 e4 39. Ke3 Ba5
40. Bb7 Bb6+ 41. Ke2 Ke5 42. Bc6 g5 43. Bb7 Kf4 44. Bc6 g4 45. Bd7 $5 (45. hxg4
fxg4 46. Bd7 $1 Kg3 47. Kf1) 45... g3 (45... gxh3 46. gxh3 Ke5 47. Bc8 f4 48.
Bg4 $11) 46. Bc8 Ke5 47. Bd7 f4 48. Bc6 f3+ 49. Kf1 $1 {(der Schlüsslezug der
Verteidigung)} Kf4 50. Bb7 Ke3 51. Bc6 fxg2+ (51... f2 52. Bxe4 $11) 52. Kxg2
Kd3 53. Bb5+ Kd2 54. Kf1 {mit Remis. Lebenswichtig ist natürlich der Umstand,
dass der schwarze Läufer das Feld h1 nicht kontrollieren kann, was dem
Anziehenden öfters erlaubt, seinen Läufer für die übrigen Bauern zu opfern.})
30. Qf1 Kf8 31. Bc6 Qxa5 32. Bb7 Qxc3 33. Bxa6 g6 34. Bc4 ({Nach} 34. Qc4 {
darf man die Damen tauschen:} Qxc4 $1 35. Bxc4 Bc5 $1 {und falls} 36. h3 Bf2 {
[%csl Rh1][%cal Gf2g1,Gf2g3] bleibt der weisse König geschnitten}) 34... f5 35.
g4 $6 {[%csl Ge5,Gf5,Rh1] Schwarz plante mittels e4-Qe5-Bd6 den Zug g2-g3 zu
provozieren, wonach der Damentausch wieder siegversprechend wäre. Der Textzug
beschleunigt aber die Niederlage.} (35. Qd3 Qxd3 36. Bxd3 Bc5 $1 37. h3 Bf2 $19
{ist wieder die gleiche unangenehme Geschichte für den weissen Monarchen.})
35... Qe3 36. Qe2 (36. Be2 Qe4+ 37. Bf3 Qf4 38. gxf5 gxf5 $19) 36... Qxe2 37.
Bxe2 Kg7 38. Kg1 e4 39. gxf5 gxf5 40. Kf2 (40. Bb5) 40... Kg6 41. Bf1 Kg5 42.
Bg2 Bc5+ (42... Bc5+ 43. Kf1 Kg4 {(.)}) 0-1

[Event "Rostock-A 14th"]
[Site "Rostock"]
[Date "1988.??.??"]
[Round "3"]
[White "Klovans, Janis"]
[Black "Pieniazek, Artur"]
[Result "0-1"]
[WhiteElo "2400"]
[BlackElo "2320"]
[Annotator "Pieniazek,A"]
[PlyCount "73"]
[EventDate "1988.08.13"]
[EventType "tourn"]
[EventRounds "9"]
[EventCountry "DDR"]
[EventCategory "3"]
[SourceTitle "EXT 2002"]
[Source "ChessBase"]
[SourceDate "2001.11.25"]
[SourceVersion "1"]
[SourceVersionDate "2001.11.25"]
[SourceQuality "1"]

1. e4 c5 2. Nf3 e6 3. d4 cxd4 4. Nxd4 Nf6 5. Nc3 d6 6. Be2 Be7 7. O-O O-O 8. f4
a6 9. a4 Qc7 10. Kh1 b6 11. Bf3 Bb7 12. e5 dxe5 13. fxe5 Nfd7 14. Bxb7 Qxb7 15.
Bf4 Bc5 (15... Nc6 16. Qf3 Rac8 17. Rad1 Nc5 18. Nxc6 $1 {hat Schwarz noch
viele Probleme zu lösen}) 16. Nf3 $5 (16. Rf3 $5 Bxd4 17. Qxd4 Nc6 18. Qe4 Nc5
19. Qe1 f5 20. exf6 Rxf6 21. Ne4 Nxe4 22. Qxe4 Raf8 $14 {Barbulescu,D-Ghinda,
MV/Timisoara 1987 -43/(297)}) 16... Nc6 17. Qd3 Rfd8 $1 18. Ng5 Nf8 19. Qf3 {
Möglich wären auch} (19. Qg3 {oder}) (19. Qh3 {,aber nach} Ne7 {/\ Nf5
scheinen die schwarzen Verteidigungschancen gut zu sein.}) 19... Rd7 20. Nge4
Nd4 {Interessant wäre auch} (20... Ng6) 21. Qf2 Ng6 22. Rad1 Rad8 23. Bg5 Rc8
24. Be3 Nf5 {Hier steht Schwarz schon besser und Weiß gerät in Zeitnot.} 25.
Rxd7 Qxd7 26. Bxc5 bxc5 27. Nxc5 Qc7 28. Nd3 (28. Nxa6 Qb7 $1 29. Nc5 Qxb2 $17)
28... Nxe5 29. Nxe5 Qxe5 30. Qb6 a5 31. Qb5 Qc7 32. Qe2 h5 33. Rd1 Qf4 34. Kg1
$6 Qb4 35. Qb5 Ne3 36. Rc1 Qd4 37. Kh1 {ZÜ 2:00-1:37} (37. Kh1 Qd2 38. Rg1 Qxc2
39. Qxa5 Qxb2) 0-1

[Event "POL-chT 66th"]
[Site "Katowice"]
[Date "2010.09.12"]
[Round "9"]
[White "Antoniewski, Rafal"]
[Black "Czarnota, Pawel"]
[Result "0-1"]
[WhiteElo "2608"]
[BlackElo "2524"]
[Annotator "RR"]
[PlyCount "98"]
[EventDate "2010.09.04"]
[EventType "team-tourn"]
[EventRounds "9"]
[EventCountry "POL"]
[SourceTitle "EXT 2016"]
[Source "ChessBase"]
[SourceDate "2015.10.08"]
[SourceVersion "1"]
[SourceVersionDate "2015.10.08"]
[SourceQuality "1"]
[WhiteTeam "Dankowice"]
[BlackTeam "Szkola Grudziadz"]
[WhiteTeamCountry "POL"]
[BlackTeamCountry "POL"]

1. e4 c5 2. Nf3 d6 3. d4 cxd4 4. Nxd4 Nf6 5. Nc3 a6 6. Be2 e6 (6... e5 7. Nf3 (
7. Nb3 Be7 8. O-O O-O 9. Be3 (9. Kh1 Nc6 10. f4 b5 11. Bf3 Na5 12. Nxa5 Qxa5
13. fxe5 dxe5 14. Bg5 Be6) (9. a4 Be6 10. Bf3 Qc7 11. Re1 Rc8 12. Be3 Nbd7 13.
a5 h6 14. h3 {Sandalakis,A (2406)-Papaioannou,I (2641) Isthmia op 4th 2014 (5)
0-1}) 9... Be6 10. f4 exf4 11. Bxf4 (11. Rxf4) 11... Nc6 12. Kh1 d5) 7... h6 8.
O-O Be7 9. a4 Be6 10. Re1 Nc6 11. Bf1 O-O 12. h3 Rc8) 7. Be3 Be7 8. Qd2 O-O 9.
O-O-O b5 (9... Nc6 10. f4 Qc7 11. Bf3 Na5 12. Qd3 Rb8 13. Kb1 b5 14. Bc1 Nc4
15. b3 Re8 16. Rhe1 Nd7 17. Bh5 Bf6 18. Qf3 Bb7 19. f5 exf5 20. Nxf5 Qa5 21.
Nd4 g6 22. Rf1 gxh5 23. Qxh5 Qxc3 24. Rxf6 Bxe4 25. Qg4+ Bg6 26. Rf3 Ne3 27.
Rxe3 Rxe3 28. Bxe3 Rc8 29. Rd3 Qc7 30. Qg5 f6 31. Qg3 Kf7 32. Bh6 Ne5 {1/2-1/2
(32) Ponomariov,R (2711)-Ivanchuk,V (2726) Lvov 2014}) 10. f3 Nfd7 $146 (10...
Bb7 11. g4 Nfd7 12. h4 Nc6 13. Nxc6 Bxc6 14. Bg5 f6 15. Bf4 Nb6 {0-1 (15) Samu,
S (2223)-Lupulescu,C (2565) Galatzi 2007}) 11. a3 Nb6 12. h4 Bb7 13. Bg5 N8d7
14. Bxe7 Qxe7 15. Nb3 d5 16. Na5 Nc5 17. Nxb7 Qxb7 18. exd5 exd5 19. h5 Rad8
20. Rh4 Qe7 21. Rg4 Ne6 22. f4 f5 $1 {L'attaque de la R Blanche apparait trop
lente et les Noirs prennent l'initiative} 23. Rg3 d4 $36 24. Na2 Nc4 25. Bxc4
bxc4 26. Qe2 Qd6 27. Rf3 d3 $40 28. cxd3 Nd4 29. Qf2 Nxf3 30. Qxf3 cxd3 31. Nc3
Rfe8 32. Kb1 Rd7 33. g3 Rb8 34. Ka1 h6 35. Rd2 Rb3 36. Ka2 Qe6 37. Ka1 Qc4 38.
Qe3 Rb8 39. Qe5 Rf8 40. Qe3 Kh8 41. Rd1 Kh7 42. Rd2 Rf6 43. Qf3 Re6 44. Rd1 d2
45. Qf2 Qd3 46. Nb1 Qe2 47. Qc5 Qxd1 48. Qxf5+ g6 49. Qxe6 Qxb1+ 0-1

[Event "Rohde op 07th"]
[Site "Sautron"]
[Date "2007.11.01"]
[Round "7"]
[White "Bojkov, Dejan"]
[Black "Pruess, David"]
[Result "0-1"]
[WhiteElo "2520"]
[BlackElo "2417"]
[Annotator "RR"]
[PlyCount "122"]
[EventDate "2007.10.27"]
[EventType "swiss"]
[EventRounds "9"]
[EventCountry "FRA"]
[SourceTitle "EXT 2008"]
[Source "ChessBase"]
[SourceDate "2007.11.25"]
[SourceVersion "1"]
[SourceVersionDate "2007.11.25"]
[SourceQuality "1"]

1. e4 c5 2. Nf3 d6 3. d4 cxd4 4. Nxd4 Nf6 5. Nc3 a6 6. Be3 e6 (6... e5 {
l'alternative qui est davantage dans l'esprit de la Najdorf}) 7. Be2 {Temps de
réflexion :1h43} (7. g4 $1 h6 8. Bg2 Nc6 9. h3) 7... b5 {1h40} 8. Bf3 b4 ({RR} 
8... e5 9. Nf5 g6 (9... d5 10. Bg5 d4 11. Nd5 Qa5+) 10. g4 $5 h5 {aucun joueur
ne semble avoir accepté le sacrifice du N} (10... d5 $5 $146 11. g5 gxf5 12.
exf5 $1 Bb4 (12... Nfd7 13. Qxd5) 13. gxf6) 11. gxh5 gxf5 12. exf5 Bxf5 13.
Bxa8 Ng4 14. Qf3 Nxe3 15. fxe3 Qh4+ 16. Qg3 Qxh5 17. Bf3 Qh4 18. a3 Nd7 19.
O-O-O Nb6 20. Bb7 Nc4 21. Nd5 Be6 22. Qf3 Bh6 23. Nc7+ {Poluljahov,A (2505)
-Akopian,V (2600)/St Petersburg 1993/TD/0-1 (61)}) 9. Na4 Bb7 10. e5 {1h25} Nd5
$146 {1h25} ({RR} 10... Bxf3 11. Qxf3 Nd5 12. exd6 Bxd6 13. c4 bxc3 14. Nxc3
Bb4 15. O-O Bxc3 16. bxc3 O-O 17. c4 Nxe3 18. Qxe3 Qc7 19. Rac1 Nc6 20. Nxc6
Qxc6 21. Rfd1 Rac8 22. c5 Rfd8 23. Rxd8+ Rxd8 24. Qb3 Kf8 25. h3 {Ciemniak,R 
(2395)-Spisak,C (2295)/Nadole 1995/EXT 2004/1/2-1/2 (53)}) 11. Bxd5 Bxd5 12.
Nf5 $5 {1h17} Bc6 {1h16} 13. Bb6 $6 {50 mns} (13. Nxd6+ $142 {semblait moins
risqué}) 13... Qd7 {1h13} 14. exd6 {48} (14. Nxd6+) 14... exf5 {48} 15. O-O {
28mns} Qxd6 {38} (15... Bxd6 16. Re1+ Be4 17. f3 Be7 18. fxe4 Qxa4) 16. Re1+
Kd7 17. Qe2 {24mns} Kc8 $1 {37mns} 18. Nc5 Be4 $1 {[%cal Gd6b6]} 19. Nxe4 Qxb6
20. Ng5 {Une position étonnante: les blancs sont mieux développés, le K noir
est exposé mais le contrôle des cases noires par le B donne aux noirs assez de
contre-jeu} Bc5 $1 21. Nxf7 {le bulgare commençait а être trés en retard
puisqu'il ne lui restait plus que 12 mns (+30s d'incrément) pour passer le
contrôle du 40ème coup.} (21. Qf3 {[%cal Gf3a8,Gf3f5]} Nc6 22. Qxf5+ Kb8 23.
Qxf7 Ra7 {En quelques coups les noirs ont terminé leur développement!}) 21...
Rf8 {40mns} 22. Qc4 Ra7 23. Re6 {10mns} Qc7 {35mns} 24. Ne5 Rb7 25. Rd1 {09}
Rb6 {29} 26. Kf1 {03 minutes!} Rxe6 {23} 27. Qxe6+ Kb7 28. Nd7 Rc8 29. Qxf5 g6
30. Qe6 {01 minute pour jouer 10 coups!} (30. Qe4+) 30... Qc6 {17} 31. Nxc5+
Qxc5 32. Qf7+ Rc7 33. Qf3+ Qc6 {les blancs n'ont plus d'attaque} 34. Qb3 Qc4+
35. Rd3 a5 36. a3 (36. Qxc4 Rxc4 $17) 36... Qxc2 37. axb4 a4 $1 $17 38. Qxc2
Rxc2 $19 39. Ra3 Rxb2 40. Rxa4 Nc6 41. b5 Rxb5 42. Rf4 Rf5 43. Rh4 Rf7 44. g3
Kc7 45. Kg2 Kd6 46. Ra4 Ra7 47. Rf4 Ke6 48. h4 Ne5 49. Rf8 h5 50. Re8+ Kf6 51.
Rf8+ Kg7 52. Re8 Ra5 53. Rd8 Ra2 54. Rd4 Ng4 55. Rf4 Rd2 56. Kg1 Ne5 57. Kf1
Rb2 58. Kg1 Nd3 59. Rf3 Rb1+ 60. Kh2 Rd1 61. Kh3 Rd2 {[%mdl 520]} 0-1

[Event "RUS-Cup01 Chigorin Memorial"]
[Site "St Petersburg"]
[Date "1996.??.??"]
[Round "6"]
[White "Lukin, Andrei M"]
[Black "Novikov, Igor A"]
[Result "1/2-1/2"]
[WhiteElo "2470"]
[BlackElo "2585"]
[Annotator "Shipov,S"]
[PlyCount "154"]
[EventDate "1996.11.??"]
[EventType "swiss"]
[EventRounds "9"]
[EventCountry "RUS"]
[SourceTitle "CBM 056 Extra"]
[Source "ChessBase"]
[SourceDate "1997.03.01"]
[SourceVersion "1"]
[SourceVersionDate "1997.03.01"]
[SourceQuality "1"]

1. e4 c5 2. Nf3 d6 3. d4 cxd4 4. Nxd4 Nf6 5. Nc3 a6 6. Be2 e6 7. O-O Be7 8. f4
Qc7 9. Kh1 O-O 10. a4 Rd8 (10... Nc6) (10... b6) 11. Qe1 b6 12. Bf3 (12. Qg3
Bb7 13. f5 e5 14. Bh6 Bf8 15. Bg5 (15. Nb3 $5 Nbd7 $13) 15... Be7 (15... exd4
$2 16. Bxf6 dxc3 17. Bxg7 $1 Bxg7 18. f6 $18) (15... Nbd7 $2 16. Ne6 $1 $40)
16. Bh6 Bf8 $10 {Zagrebelny,S-Oll,l/Yerevan/1996/0.5/17/}) 12... Bb7 13. Be3
Nbd7 14. Bf2 (14. f5 e5 15. Nb3 b5 $1 $36) (14. Qg3 $6 Nc5 15. e5 Nfe4 16. Nxe4
Nxe4 17. Bxe4 Bxe4 18. f5 dxe5 19. Bh6 Bf8 20. fxe6 f6 21. Rxf6 Bg6 $17 {
Sherzer,A-Yudasin,L/New York/1991/0:1/39/}) 14... e5 $6 (14... Bf8 $1 15. Bh4
Re8 16. Rd1 Rac8 17. Qg3 Ba8 18. Rfe1 Kh8 19. e5 dxe5 20. fxe5 Nd5 21. Nxd5
Bxd5 22. Bxd5 exd5 23. Qf3 Nxe5 24. Qxd5 $10 {Lukin,A-Tal,M/Moscow/1990/0.5/30/
}) 15. Nf5 Bf8 16. fxe5 dxe5 (16... Nxe5 17. Bh4) 17. Bh4 Re8 18. Qg3 {/\ Nh6/}
(18. g4 $5 g6 $6 (18... Kh8 19. g5 Ng8 $13) 19. g5 Nxe4 20. Bxe4 gxf5 21. Nd5
$1 Bxd5 (21... Qc5 22. Nf6+ Nxf6 23. Bxb7 Rab8 24. Bg2 Nd7 25. Rxf5 $16) 22.
Bxd5 f4 23. g6 $1 hxg6 24. Qe4 $16 {Morovic,F-Ermenkov,E/Tunisia/1985/1:0/41/})
18... Kh8 (18... g6 $5) 19. Rad1 Rac8 (19... g6 20. Ne3 Bg7 21. Ned5 $36) 20.
Bg4 $1 $16 {/\ Ng7!/} Nxg4 21. Qxg4 Nc5 22. Nh6 $1 f6 (22... gxh6 $2 23. Bf6+)
23. Bxf6 $1 Nxe4 $1 24. Nxe4 Bxe4 25. Bxg7+ $6 (25. Rd7 $1 Qxd7 (25... Bxg2+ $2
26. Kxg2 Qxc2+ 27. Rf2 Qg6 28. Qxg6 hxg6 29. Nf7+ Kg8 30. Bxe5 $18) 26. Qxd7
gxf6 27. Ng4 $16) 25... Bxg7 26. Nf7+ (26. Rd7 $2 Qxd7 27. Qxd7 Bxh6) 26... Kg8
27. Nh6+ Kh8 28. Nf7+ Kg8 29. Qxe4 Qc6 $1 $15 (29... Qxc2 $2 30. Qd5 $1 $18)
30. Qg4 (30. Qxc6 Rxc6 31. c3 e4 $132) 30... Qe6 $1 31. Qe2 Rf8 (31... Qc4 $2
32. Qxc4 Rxc4 33. Nd6) 32. Ng5 Rxf1+ 33. Qxf1 (33. Rxf1 Qc4 $1 $14) 33... Qg4
$1 34. Qf7+ (34. Nf3 e4) 34... Kh8 35. Qd7 Qxd7 36. Rxd7 h6 (36... Rxc2 $2 37.
Rd8+ Bf8 38. Rxf8+ Kg7 39. Ne6+ $18) 37. Rd8+ (37. Ne6 Rxc2 $1) 37... Rxd8 38.
Nf7+ Kh7 39. Nxd8 Kg6 40. Kg1 Kf5 41. Nc6 Ke6 42. Kf2 Kd6 43. Nb4 a5 44. Na2 (
44. Nd3 $2 e4) 44... e4 $1 45. c3 Kd5 46. Nc1 Bf6 47. Ke2 h5 48. g3 h4 49. gxh4
(49. g4 $2 h3 $1) 49... Bxh4 50. Nb3 Bd8 51. Nd4 Bg5 52. b3 Bf6 $10 53. Kd2
Bg5+ 54. Kc2 Bf6 55. h3 Ke5 56. Kd2 Kf4 57. Ke2 Ke5 58. Nc2 Ke6 59. Kd2 Ke5 60.
Ne3 Bd8 61. Ke2 Ke6 62. Ng2 Bf6 63. Ke3 Kf5 64. Kd2 Bg5+ 65. Ne3+ Ke6 66. Ke2
Bd8 67. Nc4 Kd5 68. Kf2 Bh4+ 69. Kf1 Kc5 70. Ke2 Bf6 71. Kd2 Bd8 72. Ke3 Bf6
73. Kxe4 Bxc3 74. h4 Kb4 75. Nxb6 Kxb3 76. h5 Bd2 77. Kd5 Kb4 1/2-1/2

[Event "Interzonal-14a"]
[Site "Subotica"]
[Date "1987.??.??"]
[Round "13"]
[White "Short, Nigel D"]
[Black "Ribli, Zoltan"]
[Result "1-0"]
[WhiteElo "2615"]
[BlackElo "2580"]
[Annotator "Short,N"]
[PlyCount "80"]
[EventDate "1987.06.??"]
[EventType "tourn"]
[EventRounds "17"]
[EventCountry "YUG"]
[EventCategory "11"]
[SourceTitle "CBM 003"]
[Source "ChessBase"]
[SourceDate "1988.04.01"]
[SourceVersion "1"]
[SourceVersionDate "1988.04.01"]
[SourceQuality "1"]

1. e4 c5 2. Nf3 d6 3. d4 cxd4 4. Nxd4 Nf6 5. Nc3 a6 6. f4 Qc7 7. Be2 e6 8. g4
$5 b5 (8... h6 9. g5 hxg5 10. fxg5 Nfd7 11. g6 Ne5 12. gxf7+ Qxf7 13. Bg5 $36)
9. g5 Nfd7 (9... b4 10. Ncb5 $16 axb5 11. gxf6 gxf6 12. Bxb5+ Bd7 13. Qd3) 10.
a3 Nb6 11. Bf3 $5 (11. f5) 11... N8d7 12. Qe2 Be7 (12... Bb7) 13. h4 (13. Bd2
$142) 13... Bb7 14. Bd2 Rc8 (14... Nc4 $5 15. O-O-O Qb6 16. Be1 Rc8) 15. f5 e5
16. Nb3 Nc4 17. O-O-O Ndb6 (17... f6 18. h5 h6 (18... fxg5 19. h6 $16) 19. gxh6
gxh6 20. Rhg1 $40) 18. f6 $1 $8 Nxb2 (18... Na4 19. Bg4 $1 $16) (18... gxf6 19.
gxf6 Bxf6 20. Bg4 Nxd2 (20... Nxb2 $2 21. Rdf1 $18) (20... Rd8 21. Bh6 $16 Nxa3
$2 22. Qf3 $18) 21. Rxd2 Rd8 22. Qf3 Bg7 23. Kb1 $44 {->}) 19. Kxb2 (19. fxe7
$2 Nxd1 20. Kxd1 Na4 $17) 19... Na4+ 20. Kc1 $8 (20. Nxa4 $2 Qxc2+ 21. Ka1 Qxb3
22. Nb2 Rc2 $19) (20. Kb1 $2 Qxc3 $17) (20. Ka1 $2 Nxc3) 20... gxf6 (20... Nxc3
21. Bxc3 Qxc3 22. Rd3 $18) 21. gxf6 Bf8 (21... Bxf6 $5 22. Rhf1 $1 (22. Bg4
Nxc3 23. Bxc3 Qxc3 24. Bxc8 Bxc8 $15 25. Rxd6 Be7) 22... Nxc3 23. Bxc3 Qxc3 24.
Rd3 Qc7 (24... Qc4 25. Na5 $1 $18) 25. Bh5 Bxe4 (25... Ke7 26. Rdf3 $18) 26.
Rxf6 Bxd3 27. Qxd3 O-O 28. Bg4 Rcd8 29. Bf5 $18 Kg7 30. Qg3+) 22. Bg4 Bh6 (
22... d5 23. Rh3 $8 (23. Bxc8 $2 Bxa3+ 24. Kb1 Nxc3+ 25. Bxc3 Qxc3 $19) 23...
d4 24. Bxc8 Qxc8 (24... Bxc8 25. Nd5 $18) 25. Rd3 dxc3 26. Be3 $18) (22... Nxc3
23. Bxc3 Qxc3 24. Rd3 Qc7 25. Bxc8 $16) 23. Rh3 $1 (23. Bxh6 Qxc3 24. Bxc8 (24.
Rd3 Qb2+ 25. Kd1 Qb1+ 26. Nc1 Nb2+ 27. Ke1 Rxc2 $19) 24... Qb2+ $10) 23... Nxc3
24. Rxc3 Bxd2+ 25. Rxd2 Qxc3 26. Bxc8 Bxc8 27. Rxd6 $18 Qg3 (27... Rg8 28. Qd1
Qc7 29. Qd5) 28. Kb2 $2 (28. Qd1 $1 O-O 29. Rd8 Qf4+ 30. Kb2 Qxf6 31. Rxc8 $18)
28... Qxh4 (28... O-O $142 29. Qh5 $16) 29. Qd1 O-O 30. Rd8 Qxf6 31. Rxc8 Rxc8
32. Qg4+ Kf8 33. Qxc8+ Kg7 34. Nc5 h5 (34... a5 35. Qb8) 35. Qxa6 $1 Qf2 $2 (
35... Qxa6 36. Nxa6 f5 (36... h4 37. Nc5 h3 38. Nd3 h2 39. Nf2 f5 40. c4 fxe4
41. Kc2 e3 42. Nh1 bxc4 43. a4 $18) 37. exf5 Kf6 (37... h4 38. Nc5 h3 39. Ne4
h2 40. Ng3 $18) 38. Nc5 Kxf5 39. c4 bxc4 (39... h4 40. cxb5 $18) 40. a4 h4 41.
a5 h3 42. a6 h2 43. Ne4 $1 $18) 36. Qd6 h4 37. Qxe5+ Qf6 38. Nd7 Qxe5+ 39. Nxe5
h3 40. Nf3 Kg6 (40... Kg6 41. c4 bxc4 42. a4 Kh5 43. a5 Kg4 44. Nh2+ Kg3 45. a6
Kxh2 46. a7) 1-0

[Event "FIDE-Wch k.o."]
[Site "Groningen"]
[Date "1997.12.14"]
[Round "3.1"]
[White "Short, Nigel D"]
[Black "Sokolov, Andrei"]
[Result "1-0"]
[WhiteElo "2660"]
[BlackElo "2585"]
[Annotator "Short,N"]
[PlyCount "53"]
[EventDate "1997.12.09"]
[EventType "k.o."]
[EventRounds "7"]
[EventCountry "NED"]
[SourceTitle "CBM 063"]
[Source "ChessBase"]
[SourceDate "1998.03.26"]
[SourceVersion "1"]
[SourceVersionDate "1998.03.26"]
[SourceQuality "1"]

1. e4 c5 2. Nf3 e6 3. d4 cxd4 4. Nxd4 Nc6 5. Nc3 d6 6. Be2 Nf6 7. Be3 Be7 8.
O-O Bd7 {Andrei Sokolov has been playing the Scheveningen since he was in the
womb and therefore it is difficult to surprise him. I tried, perhaps unwisely,
to force him to switch off the auto-pilot by confusing two different plans.} 9.
Nb3 a6 10. f4 b5 11. a3 O-O 12. g4 {White's play gives a slightly odd
impression. Normally the pawns are on a4 and b6 in this sort of position which
gives the play a different character.} Bc8 13. Qe1 Bb7 (13... b4 14. axb4 Nxb4
15. Qd2 d5 $5 (15... Bb7 $6 16. Na5 {is the point of white's play.}) 16. e5 Ne4
$1 17. Nxe4 dxe4 {is unclear.}) 14. Rd1 {A normal human being would have
played 14.g5 to reduce black's options but I wanted to increase them.} b4 15.
g5 bxc3 $5 (15... Nd7 16. axb4 Nxb4 17. Rd2 {is more regular and leads to
chances for both sides.}) 16. gxf6 Bxf6 17. e5 Bh4 $6 (17... Nxe5 $1 {was
correct. I had anticipated} 18. fxe5 Bxe5 19. bxc3 Rc8 {but overlooked that}
20. c4 {is obligatory} (20. Nd4 $6 Rxc3 $1 21. Qxc3 $2 Bxh2+ $1) {Then after}
20... f5 $1 {black obtains dangerous threats. With 17...Bh4 black forfeits the
initiative and runs into trouble.}) 18. Qxc3 d5 19. Nc5 Qc7 20. f5 $1 d4 $2 {
A serious blunder losing immediately. The only decent try was} (20... Bc8 $1 {
after which I had intended} 21. Nd3 (21. fxe6 {as suggested by my omnipresent
Teutonic analyst, is by no means stupid.} Bxe6 22. Nxa6 Qxe5 23. Qxe5 Nxe5 $14)
21... exf5 22. Nb4 Bb7 23. Rxf5 {and white is better, or possibly} (23. Nxd5
Qxe5 24. Qxe5 Nxe5 25. Rxf5 {with a pleasant endgame.})) 21. Rxd4 Nxd4 22. Qxd4
Bd5 {Going down without much of a fight but alternatives were also dire e.g.} (
22... Be7 23. Nxb7 Qxb7 24. f6 $1 ({even stronger than} 24. Bf3) 24... Rfd8 25.
Qg4 Bf8 26. fxg7 Be7 27. Qh5) 23. Qxh4 Qxe5 24. Qd4 Qxd4 25. Bxd4 e5 26. Be3 a5
27. Rd1 {And Sokolov deciding that struggling against two connected passed
pawns was not going to be a joy resigned.} 1-0